| 000 | 00432nam a2200145 i 4500 | ||
|---|---|---|---|
| 001 | 88376 | ||
| 003 | ES-MaACL | ||
| 007 | t| | ||
| 008 | 050104s1930 sp ||||1| spa d | ||
| 100 | 1 |
_aLagunilla Iñárritu, Alfredo. _969632 |
|
| 245 | 1 | 3 |
_aLa comedia del amor / _cAlfredo Lagunilla Yñárritu. |
| 260 |
_aMadrid : _bCompañía Ibero-Americana de Publicaciones, _c1930. |
||
| 300 |
_a76 p. ; _c26 cm. |
||
| 852 |
_aES-MaACL _jB-4931 |
||
| 999 |
_c88376 _d88376 |
||